Livro

La familia de Pascual Duarte /

Na minha lista:
Detalhes bibliográficos
Autor principal: Cela, Camilo José 1916-2002
Formato: Livro
Idioma:espanhol
Publicado em: Buenos Aires : Emecé, c1945.
coleção:Hórreo (Emecé)
Assuntos:

MARC

LEADER 00000nam a2200000 a 4500
003 AR-BeUNQ
005 20250217100601.0
008 170331b xxu||||| |||| 00| 0 spa d
999 |c 28535  |d 112335 
040 |a AR-BeUNQ  |e aacr 
082 0 4 |a Es863  |2 21 
100 1 |a Cela, Camilo José  |d 1916-2002 
245 1 3 |a La familia de Pascual Duarte /  |c Camilo José Cela 
260 |a Buenos Aires :  |b Emecé,  |c c1945. 
300 |a 187 p. ;  |c 19 cm. 
490 1 |a Hórreo 
592 |a Fondo Reservado 
650 7 |a Literatura (Arte)  |2 spines 
650 7 |a Literatura española  |2 ttll 
650 7 |a Novelas  |2 ttll 
830 0 |9 186  |a Hórreo (Emecé)  |l Español 
929 |a DONACION  |b Inés Váquez  |d 90,00  |h 1  |j 55521  |e 20170404  |g 2659 
942 |c LIB  |n 0